Statistiken für PDC Darts Tour Card Holder 2024

Klicken Sie hier um das Quiz zu spielen!

Allgemein

  • Dieses Quiz wurde 122 mal gespielt
  • Das Durchschnittsergebnis liegt bei 83 aus 128

Antwortstatistiken

PlatzNameNationalität% Korrekt
2Michael van GerwenNiederlande
98%
5Gerwyn PriceWales
96%
1Luke HumphriesEngland
96%
3Michael SmithEngland
96%
4Nathan AspinallEngland
96%
17Ross SmithEngland
96%
14Dimitri Van den BerghBelgien
95%
22Gabriel ClemensDeutschland
95%
8Peter WrightSchottland
95%
11Damon HetaAustralien
93%
9Jonny ClaytonWales
93%
23Martin SchindlerDeutschland
93%
6Rob CrossEngland
93%
44Simon WhitlockAustralien
93%
7Danny NoppertNiederlande
91%
25Jose de SousaPortugal
91%
21Josh RockNordirland
91%
31Luke LittlerEngland
91%
28Brendan DolanNordirland
89%
26Daryl GurneyNordirland
89%
24Krzysztof RatajskiPolen
89%
55Mensur SuljovicÖsterreich
89%
27Gary AndersonSchottland
88%
32Kim HuybrechtsBelgien
88%
33Madars RazmaLettland
88%
29Raymond van BarneveldNiederlande
88%
36Ricardo PietreczkoDeutschland
88%
86Ronny HuybrechtsBelgien
88%
49Rowby-John RodriguezÖsterreich
88%
60Florian HempelDeutschland
86%
40Jim WilliamsWales
86%
20Ryan SearleEngland
86%
30Scott WilliamsEngland
86%
15Chris DobeyEngland
84%
13Dirk van DuijvenbodeNiederlande
84%
19James WadeEngland
84%
16Stephen BuntingEngland
84%
12Joe CullenEngland
82%
45Alan SoutarSchottland
80%
73Daniel KloseDeutschland
80%
10Dave ChisnallEngland
80%
125Thibault TricoleFrankreich
80%
42William O'ConnorIrland
80%
51Boris KrcmarKroatien
79%
48Matt CampbellKanada
79%
61Adam GawlasTschechien
77%
43Gian van VeenNiederlande
77%
39Mike De DeckerBelgien
77%
18Andrew GildingEngland
73%
112Jeffrey de GraafSchweden
73%
108Lukas WenigDeutschland
73%
63Mervyn KingEngland
73%
94Steve LennonIrland
73%
53Vincent van der VoortNiederlande
73%
56Mickey MansellNordirland
71%
78Pascal RupprechtDeutschland
71%
52Adrian LewisEngland
70%
34Callan RydzEngland
70%
47Jermaine WattimenaNiederlande
70%
74Karel SedlacekTschechien
70%
41Keane BarryIrland
70%
98Radek SzaganskiPolen
70%
107Haupai PuhaNeuseeland
68%
64Ian WhiteEngland
68%
119Benjamin Drue ReusDänemark
66%
128Jules van DongenNiederlande
66%
96Mario VandenbogaerdeBelgien
66%
127Tim WoltersDeutschland
66%
123Paul KrohneDeutschland
64%
104Jelle KlaasenNiederlande
63%
38Luke WoodhouseEngland
63%
50Steve BeatonEngland
63%
65Richard VeenstraNiederlande
61%
93Christian PerezPhillippinen
59%
92Jacques LabreFrankreich
59%
67Lee EvansEngland
59%
126Michele TurettaItalien
59%
46Ricky EvansEngland
59%
109William BorlandSchottland
57%
54Cameron MenziesSchottland
55%
71Jeffrey De ZwaanNiederlande
55%
37Ryan JoyceEngland
55%
103Dom TaylorEngland
54%
102Leighton BennettEngland
54%
111Danny LaubyUSA
52%
35Martin LukemanEngland
52%
68Dylan SlevinIrland
50%
69Keegan BrownEngland
50%
106Andy BaetensBelgien
48%
62Kevin DoetsNiederlande
48%
90Robbie KnopsBelgien
48%
66Niels ZonneveldNiederlande
46%
58Richie EdhouseEngland
46%
85Geert NentjesNiederlande
45%
118Patrick GeeraetsNiederlande
45%
91Callum GoffinWales
43%
95Nathan RaffertyNordirland
43%
77Robert OwenWales
43%
59Ryan MeikleEngland
43%
115Brett ClaydonEngland
41%
57Jamie HughesEngland
41%
83Nick KennyWales
41%
100Berry van PeerNiederlande
39%
79Jeffrey SparidaansNiederlande
39%
101Owen BatesEngland
39%
120Darren BeveridgeSchottland
38%
110Joshua RichardsonEngland
38%
70Maik KuivenhovenNiederlande
38%
105Martjin DragtNiederlande
38%
99Wessel NijmanNiederlande
38%
89Danny van TrijpNiederlande
36%
88Adam WarnerEngland
34%
75Arron MonkEngland
34%
97George KillingtonEngland
34%
113Jitse van der WalNiederlande
34%
76Jurjen van der VeldeNiederlande
34%
116Adam HuntEngland
32%
84Adam Smith-NealeEngland
32%
114Chris LandmanNiederlande
32%
80Graham UsherEngland
32%
124Rhys GriffinWales
32%
117Robert GrundyEngland
32%
72Stephen BurtonEngland
32%
81Graham HallEngland
30%
121James HurrellEngland
29%
82Josh PayneEngland
29%
122Matthew DennantEngland
29%
87Owen RoelofsNiederlande
29%

Verteilung der Resultate

Perzentil nach korrekt beantworteten Fragen

Anzahl Personen mit jedem Resultat

Ihre Resultats-Entwicklung

Sie haben dieses Quiz noch nicht gespielt